000 00763cam a2200205 4500
001 WB3903-02
008 030121n2003 000 0 eng u
035 _a(Sirsi) u121085
245 _a2002's leading agents revealed
260 _c2003
490 _aEstates Gazette
_v(0303) 18 January 2003, 30(1)
520 _aPresents a short table of the leading London agents according to advice given on transactions. Estates Gazette collated the transactional figures supplied by the top investment agents, by value of transactions handled, for the West End, Midtown and City. Table
590 _aWB
650 _aAGENTS
650 _aINVESTMENT AGENCIES
650 _aTRANSACTIONS
650 _aLONDON
690 _aPROPERTY-COMMERCIAL PROPERTY
942 _n0
999 _c71947
_d71947